| 000 | 00628nam a2200181Ia 4500 | ||
|---|---|---|---|
| 008 | 090630s9999 xx 000 0 und d | ||
| 082 | _b4043 | ||
| 100 | _aकालेलकर मधुसुदन. | ||
| 245 |
_aतो राजहंस एक. _cकालेलकर मधुसुदन. |
||
| 260 | _bमहाजनी ह. रा. | ||
| 300 | _a92 | ||
| 600 | _aकालेलकर मधुसुदन. | ||
| 630 | _aतो राजहंस एक. | ||
| 655 | _aनाटक. | ||
| 700 | _aकालेलकर मधुसुदन. | ||
| 730 | _aतो राजहंस एक. | ||
| 942 | _cBOOK | ||
| 999 |
_c255899 _d255899 |
||